000 00575nas a2200217 4500
001 BR9602342
003 BR-BrBNA
005 20231205094714.0
007 ta
008 230509b bl.|||p| |||| 00| 00por d
040 _aBR-BrBNA
_bpor
_cBiblioteca Nacional de Agricultura
041 _a(Pt)
072 _aF01
100 1 _aPerez, S.
245 1 _aEstruturas que enfeitam
650 _aPaisagismo
650 _aJardinagem
773 0 _tNatureza (Brazil)
_x
_g(Mar 1996), v. 9(98) p. 25-26
_wBR9602342
909 _a202311
_bLúcia
_c55
_dLúcia Elande
942 _2AGRIS
_n0
_cANA
999 _c146251
_d146251